00853 a2200193 4500003000500000005001700005022001500022040000900037082001400046100002100060245005300081260004600134300001200180505026900192651003300461942002300494999001900517952012300536NUST20221122131617.0 a8173193916 cNust a519.2,BAS aBasu, A.K978047 aIntroduction to Stochastic Process /cA.K.,Basu aNarosa Publishing House bNew Delhic2003 a419 p.: aIntroduction (Page-1), Discrete Time Markov Chains (Page-8), Random Walks (Page-51), Renewal Theory (Page-65),Branching Process (Page-87), Continuous Time Discrete (Page-107), Poisson Process (Page-133), Time Series Analysis (Page-175), Queueing Theory (Page-227). aStochastic Procsess 9103350 2ddccBKk519.2,BAS c215425d215425 00102ddc4070aMCSbMCScGENd2016-12-12o519.2,BASpMCS30380r2016-12-08w2016-12-12yBKzAlmirah No.14, Shelf No.2